Read, reasom write

Đã lưu trong:
Chi tiết về thư mục
Định dạng: Sách
Các nhãn: Thêm thẻ
Không có thẻ, Là người đầu tiên thẻ bản ghi này!
Thư viện lưu trữ: Mạng thư viện Đại học Đà Nẵng
LEADER 00410nam a22001691a 4500
001 000037455
003 13750
005 20160412020346.0
008 160412s0 000
082 |a 4A(07)612-13 
245 |a Read, reasom write  |c Dorothy U.Seyla 
OWN |a LNN 
999 |a From the UDN01 
TYP |a Monograph 
980 |a Mạng thư viện Đại học Đà Nẵng